02605njm a2200637 i 450000100060000000300090000600500170001500700150003200800410004702000150008802000150010304000360011804100080015404600090016208000130017108000120018410000430019624500270023926000400026630001190030633600390042533600360046433700230050033700260052333700630054933800320061233800360064438000110068038800140069149000590070550000430076450000940080750000560090150503520095760000310130964800140134065000260135465500280138065500310140865500260143965500240146565500380148965500210152765500200154865500310156865500130159970000290161270000360164170000390167771000530171671000290176983000580179894200120185699900170186895200820188534973KOSZ 00520220822084214.0sd fsmgnnmmned061010s2005 pl munn i 000 0 d a8360004242 a8360004064 cKOSZ 005aKOSZ 005dKOSZ 005/AR0 apol k2005 a785(481) a(086.7)1 aGrieg, Edvardd(1843-1907)eKompozytor10aGrieg /cEdvard Grieg. aWarszawa :bMediasat Poland,c2005. a1 płyta CD (58 min 05 s) :bzapis cyfrowy, stereo ;c12 cm +e1 dodatek : 43 strony : ilustracje ; 13 cm x 14 cm. 2rdacontentaNagranie muzycznebprm 2rdacontent3DodatekaTekstbtxt 2rdamediaaAudiobs 2rdamediaaKomputerbc 2rdamedia3DodatekaBez urządzenia pośredniczącegobn 2rdacarrieraPłyta audiobd 2rdacarrier3DodatekaWoluminbc aMuzyka a1801-19001 aBiblioteka Gazety Wyborczej. Wielcy Kompozytorzy ;v18 aTekst komentarza: Łukasz Dobrowolski. aWykonanie: Royal Philharmonic Orchestra ; James Judd, dyrygent ; Ronan O'Hara, fortepian. aNagranie: C.T.S. Sound Studio, Londyn maj 1994 rok. aKoncert fortepianowy a-moll op. 16 ; Utwory liryczne (wybór). Arietta op. 12 nr 1 ; Taniec elfów op. 12 nr 4 ; Melodia ludowa op.12 nr 5 ; Motyl op. 43 nr 1 ; Ptaszek op. 43 nr 4 ; Wiosna op. 43 nr 6 ; Nokturn op. 54 nr 4 ; Gade op. 57 nr 2 ; Sylf op. 62 nr 1 ; Francuska serenada op. 62 nr 3 ; Salon op. 65 nr 4 ; Letni wieczór op. 71 nr 2.17aGrieg, Edvardd(1843-1907) 7a1801-1900 9aKompozytorzy norwescy 7aDokumenty dźwiękowe 7aKoncert (utwór muzyczny) 7aMuzyka instrumentalna 7aMuzyka na fortepian 7aMuzyka na fortepian i orkiestrę 7aMuzyka poważna 7aMuzyka taneczna 7aNokturn (utwór muzyczny) 7aSerenada1 aWiśnios, JoannaeTekst1 aJudd, JameseDyrygentd(1949- )1 aO'Hora, RonaneWykonanied(1964- ) 2aRoyal Philharmonic Orchestra (Londyn)eWykonanie 2aMediasat PolandeWydawca 0aBiblioteka Gazety Wyborczej.pWielcy Kompozytorzyv18 cCD2UKD c34973d34973 00104071aBPKbBPKccg14.90oCD 1345p00336154t0/9(0.034.2) Dev14.90yCD